|
|
|
|
| LEADER |
00000cam a22000004a 4500 |
| 001 |
musev2_925 |
| 003 |
MdBmJHUP |
| 005 |
20230905040140.0 |
| 006 |
m o d |
| 007 |
cr||||||||nn|n |
| 008 |
100302s2010 pau o 00 0 eng d |
| 010 |
|
|
|z 2010008119
|
| 020 |
|
|
|a 9780812205336
|
| 020 |
|
|
|z 9780812242591
|
| 035 |
|
|
|a (OCoLC)794700574
|
| 040 |
|
|
|a MdBmJHUP
|c MdBmJHUP
|
| 043 |
|
|
|a e-fr---
|
| 050 |
0 |
4 |
|a GT871
|b .H56 2010
|
| 082 |
0 |
|
|a 391.00944/09034
|2 22
|
| 100 |
1 |
|
|a Hiner, Susan.
|
| 245 |
1 |
0 |
|a Accessories to Modernity :
|b Fashion and the Feminine in Nineteenth-Century France /
|c Susan Hiner.
|
| 264 |
|
1 |
|a Philadelphia :
|b University of Pennsylvania Press,
|c 2010.
|
| 264 |
|
3 |
|a Baltimore, Md. :
|b Project MUSE,
|c 2012
|
| 264 |
|
4 |
|c ©2010.
|
| 300 |
|
|
|a 1 online resource (296 pages):
|b ill. ;
|
| 336 |
|
|
|a text
|b txt
|2 rdacontent
|
| 337 |
|
|
|a computer
|b c
|2 rdamedia
|
| 338 |
|
|
|a online resource
|b cr
|2 rdacarrier
|
| 504 |
|
|
|a Includes bibliographical references (p. [253]-272) and index.
|
| 505 |
0 |
|
|a La Femme comme il (en) faut and the pursuit of distinction -- Unpacking the Corbeille de mariage -- "Cashmere fever": virtue and the domestication of the exotic -- Mademoiselle Ombrelle: shielding the fair sex -- Fan fetish: gender, nostalgia, and commodification -- Between good intentions and ulterior motives: the culture of handbags -- Epilogue. The feminine accessory.
|
| 588 |
|
|
|a Description based on print version record.
|
| 650 |
|
0 |
|a Women
|z France
|x History
|y 19th century.
|
| 650 |
|
0 |
|a Clothing and dress
|z France
|x History
|y 19th century.
|
| 650 |
|
0 |
|a Fashion
|z France
|x History
|y 19th century.
|
| 651 |
|
0 |
|a France
|x Social life and customs
|y 19th century.
|
| 655 |
|
7 |
|a Electronic books.
|2 local
|
| 710 |
2 |
|
|a Project Muse.
|e distributor
|
| 830 |
|
0 |
|a Book collections on Project MUSE.
|
| 856 |
4 |
0 |
|z Texto completo
|u https://projectmuse.uam.elogim.com/book/925/
|
| 945 |
|
|
|a Project MUSE - Custom Collection
|
| 945 |
|
|
|a Project MUSE - 2010 History
|
| 945 |
|
|
|a Project MUSE - 2010 Complete
|